| 000 | 00493nam a22001697a 4500 | ||
|---|---|---|---|
| 003 | NUST - PNEC | ||
| 005 | 20170116181010.0 | ||
| 008 | 150913b xxu||||| |||| 00| 0 eng d | ||
| 020 | _a0890067112 | ||
| 040 | _cLIBRARY | ||
| 082 | _a621.3813 ROB | ||
| 100 |
_910077 _aRobertson, William M. |
||
| 245 |
_aOptoelectronic techniques for microwave and millimeter-wave engineering _cWilliam M. Robertson |
||
| 260 | _cc.1995 | ||
| 650 |
_910081 _aMicrowave devices _xME, EL |
||
| 942 |
_2ddc _cBK |
||
| 999 |
_c67037 _d67037 |
||